000 00648nam a2200205Ia 4500
001 2436
008 140314s9999 xx 000 0 und d
020 _a0812043995
040 _cPK-LaUMT
082 _a 378.1662
_bBRO-H
100 _aBrownstein, Samuel C.
245 _aHow to prepare for the graduate record examination (GRE) : G
_cBrownstein, Samuel C.<>Weiner, Mitchel, Jt. Auth.; (Green, Sharon Weiner)
250 _a9th
260 _aNew York,USA:
_bBarrons,
_c1993
300 _a659 p.
546 _aEN
650 _aGraduate record examination-study guide
700 _aWeiner, Mitchel, Jt. Auth.; (Green, Sharon Weiner)
942 _cBK
999 _c2746
_d2746